7 i.e. Siete enfoques sobre la corrupción /

Na minha lista:
Detalhes bibliográficos
Autores Corporativos: Centro de Estudios Democráticos de América Latina, CEDAL
Formato: Texto
Publicado em: Heredia: CEDAL
Assuntos:
Tags: Adicionar Tag
Sem tags, seja o primeiro a adicionar uma tag!

MARC

LEADER 00000 a a2200000 04500
001 26031
003
040
090 |a 147107  
110 |a Centro de Estudios Democráticos de América Latina  
245 |a 7 i.e. Siete enfoques sobre la corrupción /  |c Centro de Estudios Democráticos de América Latina  
260 |a Heredia:   |b CEDAL  
300 |a 84 p.  
650 |a CORRUPCION  
650 |a IGLESIA CATOLICA  
710 |a CEDAL  
999 |c 3061  |d 3061